[Event "Deutsche Ländermeisterschaft 2014"]
[Site "Hannover GER"]
[Date "2014.10.03"]
[Round "1"]
[White "Zimmer, Raphael"]
[Black "Hartmann, Martin"]
[Result "1-0"]
[Termination "normal"]
[Board "2.5"]
[WhiteElo "1902"]
[BlackElo "1864"]
[WhiteClock "01:22:36"]
[BlackClock "00:24:43"]
[WhiteTeam "Baden 2"]
[BlackTeam "Baden 1"]
[PlyCount "115"]
[WhiteFideId "12978841"]
[BlackFideId "12911925"]
[EventCountry "GER"]
[EventRounds "7"]
[EventType "team-swiss"]
[EventDate "2014.10.02"]

1. e4 {[%clk 1:30:58]} c5 {[%clk 1:30:55]} 2. Nf3 {[%clk 1:31:24]} Nc6 {[%clk
1:31:19]} 3. d4 {[%clk 1:31:46]} cxd4 {[%clk 1:31:43]} 4. Nxd4 {[%clk 1:32:10]}
Nf6 {[%clk 1:32:07]} 5. f3 {[%clk 1:32:14]} d5 {[%clk 1:32:02]} 6. Bb5 {[%clk
1:27:14]} Bd7 {[%clk 1:28:16]} 7. Bxc6 {[%clk 1:25:03]} bxc6 {[%clk 1:25:32]}
8. e5 {[%clk 1:24:22]} Ng8 {[%clk 1:23:53]} 9. O-O {[%clk 1:21:46]} e6 {[%clk
1:21:06]} 10. c3 {[%clk 1:19:05]} c5 {[%clk 1:20:29]} 11. Nb3 {[%clk 1:18:51]}
Qb6 {[%clk 1:15:13]} 12. Be3 {[%clk 1:18:07]} a5 {[%clk 1:08:09]} 13. a4 {[%clk
1:18:05]} Rc8 {[%clk 1:05:11]} 14. N1d2 {[%clk 1:16:41]} Qb8 {[%clk 1:03:28]}
15. f4 {[%clk 1:15:27]} c4 {[%clk 1:02:54]} 16. Nxa5 {[%clk 1:08:46]} Qxb2
{[%clk 1:01:01]} 17. Rf3 {[%clk 1:06:09]} Qxc3 {[%clk 0:57:48]} 18. Bb6 {[%clk
1:04:36]} Qb4 {[%clk 0:57:52]} 19. Rb1 {[%clk 1:02:24]} Qxa4 {[%clk 0:56:15]}
20. Qe1 {[%clk 1:00:37]} c3 {[%clk 0:49:27]} 21. Ndb3 {[%clk 1:00:06]} Bb4
{[%clk 0:42:40]} 22. Qf2 {[%clk 0:59:47]} c2 {[%clk 0:38:34]} 23. Rc1 {[%clk
0:59:59]} Qa2 {[%clk 0:36:17]} 24. Nb7 {[%clk 0:59:25]} Nh6 {[%clk 0:33:45]}
25. Bc5 {[%clk 0:58:58]} Bxc5 {[%clk 0:29:02]} 26. N3xc5 {[%clk 0:59:15]} Qb2
{[%clk 0:22:25]} 27. Nd6+ {[%clk 0:57:48]} Kd8 {[%clk 0:20:43]} 28. Ncb7+
{[%clk 0:56:46]} Ke7 {[%clk 0:20:25]} 29. Qh4+ {[%clk 0:54:06]} Kf8 {[%clk
0:14:52]} 30. Rff1 {[%clk 0:53:05]} Rb8 {[%clk 0:10:16]} 31. Nc5 {[%clk
0:50:39]} Qd4+ {[%clk 0:09:48]} 32. Qf2 {[%clk 0:51:01]} Qxf2+ {[%clk 0:09:42]}
33. Rxf2 {[%clk 0:51:22]} Be8 {[%clk 0:03:57]} 34. Rfxc2 {[%clk 0:51:18]} g6
{[%clk 0:03:53]} 35. Na6 {[%clk 0:51:03]} Rd8 {[%clk 0:03:24]} 36. Rc8 {[%clk
0:51:13]} Ke7 {[%clk 0:02:32]} 37. Rxd8 {[%clk 0:51:19]} Kxd8 {[%clk 0:02:56]}
38. Rc8+ {[%clk 0:51:34]} Kd7 {[%clk 0:03:15]} 39. Nc7 {[%clk 0:50:53]} Nf5
{[%clk 0:02:23]} 40. Rxe8 {[%clk 0:50:59]} Rxe8 {[%clk 0:02:34]} 41. Ncxe8
{[%clk 0:51:18]} Nd4 {[%clk 0:01:52]} 42. g3 {[%clk 0:50:59]} Ke7 {[%clk
0:02:05]} 43. Nf6 {[%clk 0:51:20]} h5 {[%clk 0:02:28]} 44. Kf2 {[%clk 0:51:09]}
Nc6 {[%clk 0:01:03]} 45. h3 {[%clk 0:49:43]} Nd4 {[%clk 0:00:58]} 46. Ng8+
{[%clk 0:49:54]} Kf8 {[%clk 0:28:56]} 47. Nh6 {[%clk 1:21:13]} Kg7 {[%clk
0:28:06]} 48. Nhxf7 {[%clk 1:21:29]} Kf8 {[%clk 0:28:11]} 49. Ng5 {[%clk
1:21:37]} Ke7 {[%clk 0:28:13]} 50. Nf3 {[%clk 1:21:52]} Nc6 {[%clk 0:27:50]}
51. Nh4 {[%clk 1:21:52]} g5 {[%clk 0:28:12]} 52. Ng6+ {[%clk 1:21:57]} Kd7
{[%clk 0:28:21]} 53. fxg5 {[%clk 1:21:50]} Kc7 {[%clk 0:24:51]} 54. Nf7 {[%clk
1:21:56]} Kd7 {[%clk 0:25:04]} 55. Nf4 {[%clk 1:22:02]} Ke7 {[%clk 0:24:34]}
56. g6 {[%clk 1:22:24]} Nd4 {[%clk 0:24:41]} 57. Nxh5 {[%clk 1:22:18]} Kf8
{[%clk 0:24:43]} 58. Nh6 {[%clk 1:22:36]} 1-0

[Event "Deutsche Ländermeisterschaft 2014"]
[Site "Hannover GER"]
[Date "2014.10.03"]
[Round "1"]
[White "Trifan, Andrei Ioan"]
[Black "Riegel, Arinna"]
[Result "1/2-1/2"]
[Termination "normal"]
[Board "2.6"]
[WhiteElo "1689"]
[BlackElo "1620"]
[WhiteClock "00:23:54"]
[BlackClock "00:04:26"]
[WhiteTeam "Baden 1"]
[BlackTeam "Baden 2"]
[PlyCount "121"]
[WhiteFideId "12967068"]
[BlackFideId "12931446"]
[EventCountry "GER"]
[EventRounds "7"]
[EventType "team-swiss"]
[EventDate "2014.10.02"]

1. e4 {[%clk 1:30:57]} d5 {[%clk 1:30:50]} 2. exd5 {[%clk 1:31:11]} Qxd5 {[%clk
1:31:18]} 3. Nc3 {[%clk 1:31:19]} Qd6 {[%clk 1:31:36]} 4. d4 {[%clk 1:31:08]}
Nf6 {[%clk 1:31:47]} 5. Nf3 {[%clk 1:30:57]} c6 {[%clk 1:31:59]} 6. Be2 {[%clk
1:29:38]} Bg4 {[%clk 1:31:19]} 7. Be3 {[%clk 1:21:19]} e6 {[%clk 1:31:24]} 8.
Qd2 {[%clk 1:21:20]} Qc7 {[%clk 1:31:44]} 9. h3 {[%clk 1:17:04]} Bh5 {[%clk
1:30:16]} 10. Ne5 {[%clk 1:12:59]} Bxe2 {[%clk 1:29:09]} 11. Qxe2 {[%clk
1:11:34]} Bd6 {[%clk 1:28:48]} 12. f4 {[%clk 1:11:09]} Nbd7 {[%clk 1:27:20]}
13. O-O {[%clk 1:10:47]} O-O {[%clk 1:18:53]} 14. Rad1 Nb6 {[%clk 1:12:18]} 15.
Rf3 {[%clk 1:06:36]} Nbd5 {[%clk 1:09:34]} 16. Bf2 {[%clk 0:58:08]} Rad8 {[%clk
1:08:29]} 17. Bh4 {[%clk 0:54:47]} Be7 {[%clk 1:07:47]} 18. Ne4 {[%clk
0:46:17]} Nxe4 {[%clk 1:02:41]} 19. Bxe7 {[%clk 0:46:34]} Qxe7 {[%clk 1:03:04]}
20. Qxe4 {[%clk 0:46:21]} Nf6 {[%clk 1:02:23]} 21. Qe3 {[%clk 0:43:27]} Qb4
{[%clk 0:47:32]} 22. Qc3 {[%clk 0:31:36]} Qxc3 {[%clk 0:44:26]} 23. Rxc3 {[%clk
0:30:42]} Nd5 {[%clk 0:44:40]} 24. Rf3 {[%clk 0:27:15]} Rfe8 {[%clk 0:30:18]}
25. c4 {[%clk 0:25:22]} Nb6 {[%clk 0:28:51]} 26. c5 {[%clk 0:20:33]} Nd5 {[%clk
0:28:52]} 27. g3 {[%clk 0:19:48]} f6 {[%clk 0:28:24]} 28. Nc4 {[%clk 0:18:53]}
b6 {[%clk 0:24:08]} 29. Ra3 {[%clk 0:14:38]} Re7 {[%clk 0:22:24]} 30. b4 {[%clk
0:10:24]} Nxb4 {[%clk 0:16:16]} 31. cxb6 {[%clk 0:08:52]} axb6 {[%clk 0:15:44]}
32. Nxb6 {[%clk 0:08:31]} c5 {[%clk 0:10:39]} 33. Rb3 {[%clk 0:07:46]} Nc6
{[%clk 0:06:45]} 34. d5 {[%clk 0:06:53]} exd5 {[%clk 0:06:16]} 35. Nxd5 {[%clk
0:06:20]} Red7 {[%clk 0:05:14]} 36. Rb6 {[%clk 0:04:10]} Rxd5 {[%clk 0:03:58]}
37. Rxd5 {[%clk 0:04:30]} Rxd5 {[%clk 0:04:16]} 38. Rxc6 {[%clk 0:04:58]} Rd1+
{[%clk 0:04:35]} 39. Kf2 {[%clk 0:05:02]} Rd2+ {[%clk 0:04:42]} 40. Kf3 {[%clk
0:05:13]} Rxa2 {[%clk 0:05:04]} 41. Rxc5 {[%clk 0:05:30]} g6 {[%clk 0:03:05]}
42. Rc7 {[%clk 0:05:09]} f5 {[%clk 0:02:22]} 43. Rc3 {[%clk 0:03:13]} Ra7
{[%clk 0:01:48]} 44. Ke3 {[%clk 0:02:30]} Kf7 {[%clk 0:00:37]} 45. Kd4 {[%clk
0:01:18]} Ke7 {[%clk 0:28:48]} 46. Re3+ {[%clk 0:29:35]} Kd6 {[%clk 0:28:41]}
47. Rc3 {[%clk 0:27:36]} Ra4+ {[%clk 0:27:29]} 48. Rc4 {[%clk 0:27:46]} Ra3
{[%clk 0:27:28]} 49. Rc3 {[%clk 0:26:40]} Rxc3 {[%clk 0:21:13]} 50. Kxc3 {[%clk
0:27:08]} Kc5 {[%clk 0:21:42]} 51. Kd3 {[%clk 0:27:15]} Kd5 {[%clk 0:21:50]}
52. g4 {[%clk 0:25:41]} h6 {[%clk 0:17:38]} 53. g5 {[%clk 0:25:48]} hxg5 {[%clk
0:17:07]} 54. fxg5 {[%clk 0:26:12]} Ke5 {[%clk 0:10:29]} 55. Ke3 {[%clk
0:26:11]} Ke6 {[%clk 0:07:25]} 56. Kd4 {[%clk 0:23:27]} Kf7 {[%clk 0:06:13]}
57. Ke5 {[%clk 0:23:13]} Kg7 {[%clk 0:05:58]} 58. h4 {[%clk 0:23:32]} Kf7
{[%clk 0:04:22]} 59. h5 {[%clk 0:23:33]} gxh5 {[%clk 0:04:46]} 60. Kxf5 {[%clk
0:23:54]} Kg7 {[%clk 0:04:26]} 61. Ke4 1/2-1/2

[Event "Deutsche Ländermeisterschaft 2014"]
[Site "Hannover GER"]
[Date "2014.10.03"]
[Round "1"]
[White "Ehmann, Johanna"]
[Black "Mangei, Jasmin"]
[Result "1/2-1/2"]
[Termination "normal"]
[Board "2.7"]
[WhiteElo "1517"]
[BlackElo "1796"]
[WhiteClock "00:29:07"]
[BlackClock "00:18:21"]
[WhiteTeam "Baden 2"]
[BlackTeam "Baden 1"]
[PlyCount "144"]
[WhiteFideId "12953130"]
[BlackFideId "12951803"]
[EventCountry "GER"]
[EventRounds "7"]
[EventType "team-swiss"]
[EventDate "2014.10.02"]

1. e4 {[%clk 1:30:57]} e5 {[%clk 1:30:51]} 2. Nf3 {[%clk 1:31:20]} Nc6 {[%clk
1:31:12]} 3. d4 {[%clk 1:31:41]} exd4 {[%clk 1:31:36]} 4. Bc4 {[%clk 1:31:59]}
Bc5 {[%clk 1:31:15]} 5. c3 {[%clk 1:32:13]} Nf6 {[%clk 1:31:25]} 6. cxd4 {[%clk
1:32:26]} Bb4+ {[%clk 1:31:47]} 7. Bd2 {[%clk 1:32:33]} Bxd2+ {[%clk 1:31:59]}
8. Nbxd2 {[%clk 1:32:56]} d5 {[%clk 1:31:57]} 9. exd5 {[%clk 1:33:15]} Nxd5
{[%clk 1:32:16]} 10. Qb3 {[%clk 1:33:35]} Nce7 {[%clk 1:32:24]} 11. O-O {[%clk
1:33:46]} O-O {[%clk 1:31:48]} 12. Rfe1 {[%clk 1:34:08]} c6 {[%clk 1:31:24]}
13. a4 {[%clk 1:34:23]} h6 {[%clk 1:16:43]} 14. Ne4 {[%clk 1:30:57]} Nb6 {[%clk
1:06:05]} 15. Rac1 {[%clk 1:23:28]} Nxc4 {[%clk 1:05:16]} 16. Qxc4 {[%clk
1:23:25]} Be6 {[%clk 1:03:40]} 17. Qc3 {[%clk 1:21:22]} Qc7 {[%clk 0:58:20]}
18. Nc5 {[%clk 1:17:30]} Bf5 {[%clk 0:53:52]} 19. Ne5 {[%clk 1:09:35]} Rad8
{[%clk 0:50:13]} 20. Ned3 {[%clk 1:05:21]} Nd5 {[%clk 0:47:04]} 21. Qc4 {[%clk
1:01:28]} Rd6 {[%clk 0:39:41]} 22. Ne4 {[%clk 0:59:35]} Nb6 {[%clk 0:33:35]}
23. Qb4 {[%clk 0:56:23]} Rd5 {[%clk 0:31:36]} 24. a5 {[%clk 0:54:04]} Nc8
{[%clk 0:29:07]} 25. Rc5 {[%clk 0:52:12]} Rfd8 {[%clk 0:26:13]} 26. Rxd5 {[%clk
0:47:47]} Rxd5 {[%clk 0:24:36]} 27. Ndc5 {[%clk 0:46:17]} b6 {[%clk 0:22:49]}
28. Na6 {[%clk 0:42:40]} Qd8 {[%clk 0:22:22]} 29. axb6 {[%clk 0:39:55]} axb6
{[%clk 0:22:25]} 30. Ng3 {[%clk 0:36:56]} Rxd4 {[%clk 0:20:06]} 31. Qc3 {[%clk
0:36:00]} Be6 {[%clk 0:18:16]} 32. Qxc6 {[%clk 0:34:52]} Rc4 {[%clk 0:16:37]}
33. Qf3 {[%clk 0:29:54]} Ra4 {[%clk 0:15:04]} 34. Rd1 {[%clk 0:29:09]} Qe7
{[%clk 0:11:42]} 35. Qe2 {[%clk 0:25:58]} Nd6 {[%clk 0:05:31]} 36. h3 {[%clk
0:24:54]} Qf8 {[%clk 0:02:57]} 37. Nc7 {[%clk 0:24:15]} Bb3 {[%clk 0:03:02]}
38. Re1 {[%clk 0:23:06]} Qd8 {[%clk 0:02:57]} 39. Nb5 {[%clk 0:22:22]} Bc4
{[%clk 0:03:12]} 40. Qd2 {[%clk 0:21:41]} Bxb5 {[%clk 0:02:51]} 41. Rd1 {[%clk
0:21:58]} Bc4 {[%clk 0:30:00]} 42. Qxd6 {[%clk 0:53:01]} Qxd6 {[%clk 0:30:27]}
43. Rxd6 {[%clk 0:53:22]} b5 {[%clk 0:30:22]} 44. Rd2 {[%clk 0:52:02]} g6
{[%clk 0:27:41]} 45. Ne4 {[%clk 0:51:12]} Kg7 {[%clk 0:26:08]} 46. Nd6 {[%clk
0:50:31]} Ra1+ {[%clk 0:26:25]} 47. Kh2 {[%clk 0:50:42]} Bf1 {[%clk 0:26:15]}
48. Ne8+ {[%clk 0:50:30]} Kf8 {[%clk 0:26:03]} 49. Nf6 {[%clk 0:50:07]} Bc4
{[%clk 0:25:27]} 50. Nd7+ {[%clk 0:47:48]} Ke7 {[%clk 0:25:33]} 51. Ne5 {[%clk
0:47:09]} Be6 {[%clk 0:25:39]} 52. Nc6+ {[%clk 0:46:10]} Kf6 {[%clk 0:25:46]}
53. Nd4 {[%clk 0:45:27]} Bc4 {[%clk 0:25:00]} 54. b3 {[%clk 0:44:24]} Bf1
{[%clk 0:24:16]} 55. Rc2 {[%clk 0:42:52]} Ke5 {[%clk 0:23:01]} 56. Nf3+ {[%clk
0:41:35]} Kd5 {[%clk 0:20:29]} 57. Rc7 {[%clk 0:39:37]} Ke6 {[%clk 0:19:20]}
58. Nd4+ {[%clk 0:38:21]} Kf6 {[%clk 0:19:35]} 59. Rc5 {[%clk 0:37:17]} Rb1
{[%clk 0:19:25]} 60. Nxb5 {[%clk 0:37:06]} Rxb3 {[%clk 0:19:48]} 61. Nd4 {[%clk
0:36:52]} Rd3 {[%clk 0:19:35]} 62. Nf3 {[%clk 0:36:31]} Rd6 {[%clk 0:19:42]}
63. Rc1 {[%clk 0:35:24]} Be2 {[%clk 0:19:46]} 64. Rc3 {[%clk 0:35:00]} g5
{[%clk 0:19:23]} 65. Re3 {[%clk 0:34:04]} Bc4 {[%clk 0:19:33]} 66. Ne5 {[%clk
0:33:37]} Be6 {[%clk 0:19:11]} 67. Ng4+ {[%clk 0:32:11]} Kg6 {[%clk 0:19:10]}
68. Rf3 {[%clk 0:31:30]} f5 {[%clk 0:18:30]} 69. Ne5+ {[%clk 0:30:43]} Kf6
{[%clk 0:18:38]} 70. Ng4+ {[%clk 0:30:37]} Kg7 {[%clk 0:18:42]} 71. Ne5 {[%clk
0:29:10]} Kf6 {[%clk 0:17:58]} 72. Ng4+ {[%clk 0:29:07]} Kg6 {[%clk 0:18:21]}
1/2-1/2

[Event "Deutsche Ländermeisterschaft 2014"]
[Site "Hannover GER"]
[Date "2014.10.03"]
[Round "1"]
[White "Mütsch, Annmarie"]
[Black "Lohrmann, Tabea"]
[Result "1-0"]
[Termination "normal"]
[Board "2.8"]
[WhiteElo "1658"]
[BlackElo "1467"]
[WhiteClock "01:30:46"]
[BlackClock "00:23:23"]
[WhiteTeam "Baden 1"]
[BlackTeam "Baden 2"]
[PlyCount "147"]
[WhiteFideId "12971367"]
[BlackFideId "12911941"]
[EventCountry "GER"]
[EventRounds "7"]
[EventType "team-swiss"]
[EventDate "2014.10.02"]

1. e4 {[%clk 1:30:57]} e5 {[%clk 1:30:54]} 2. Nf3 {[%clk 1:31:03]} Nc6 {[%clk
1:31:16]} 3. Bc4 {[%clk 1:31:25]} Bc5 {[%clk 1:31:40]} 4. c3 {[%clk 1:31:37]}
Nf6 {[%clk 1:31:59]} 5. d3 {[%clk 1:31:58]} a6 {[%clk 1:32:18]} 6. b4 {[%clk
1:32:21]} Ba7 {[%clk 1:32:28]} 7. a4 {[%clk 1:32:18]} d6 {[%clk 1:32:21]} 8.
Qb3 {[%clk 1:32:24]} O-O {[%clk 1:31:33]} 9. Bg5 {[%clk 1:32:26]} h6 {[%clk
1:28:34]} 10. Bh4 {[%clk 1:32:44]} Qe7 {[%clk 1:25:05]} 11. Nbd2 {[%clk
1:32:19]} Be6 {[%clk 1:21:27]} 12. Bd5 {[%clk 1:30:59]} Nd8 {[%clk 1:10:03]}
13. Nc4 {[%clk 1:27:04]} c6 {[%clk 1:04:56]} 14. Bxe6 {[%clk 1:25:59]} Nxe6
{[%clk 1:00:59]} 15. O-O {[%clk 1:23:52]} Nf4 {[%clk 0:58:03]} 16. Qc2 {[%clk
1:22:50]} Qe6 {[%clk 0:47:14]} 17. Ne3 {[%clk 1:21:46]} d5 {[%clk 0:42:39]} 18.
Nf5 {[%clk 1:19:22]} g6 {[%clk 0:37:18]} 19. Bxf6 {[%clk 1:10:23]} gxf5 {[%clk
0:31:26]} 20. Bxe5 {[%clk 1:09:32]} Ng6 {[%clk 0:29:04]} 21. exf5 {[%clk
1:07:06]} Qxf5 {[%clk 0:26:32]} 22. Bg3 {[%clk 1:05:30]} Kh7 {[%clk 0:23:33]}
23. Rac1 {[%clk 1:05:10]} Rg8 {[%clk 0:22:33]} 24. d4 {[%clk 1:04:46]} Qf6
{[%clk 0:20:29]} 25. Ne5 {[%clk 1:03:53]} Rad8 {[%clk 0:18:39]} 26. Rfe1 {[%clk
1:01:49]} Bb8 {[%clk 0:17:26]} 27. Re3 {[%clk 1:00:11]} Bxe5 {[%clk 0:15:11]}
28. Bxe5 {[%clk 0:59:11]} Qg5 {[%clk 0:14:34]} 29. Rf3 {[%clk 0:58:45]} Rd7
{[%clk 0:13:31]} 30. Bf6 {[%clk 0:58:14]} Qg4 {[%clk 0:12:32]} 31. Re1 {[%clk
0:57:24]} h5 {[%clk 0:11:46]} 32. h3 {[%clk 0:55:42]} Qxf3 {[%clk 0:08:34]} 33.
gxf3 {[%clk 0:55:58]} Kh6 {[%clk 0:08:31]} 34. Qd2+ {[%clk 0:55:34]} Kh7 {[%clk
0:08:29]} 35. Kh2 {[%clk 0:55:56]} Rd6 {[%clk 0:07:44]} 36. Be7 {[%clk
0:55:04]} Nxe7 {[%clk 0:06:58]} 37. Rxe7 {[%clk 0:55:30]} Rg7 {[%clk 0:06:51]}
38. Qf4 {[%clk 0:55:39]} Rdg6 {[%clk 0:06:30]} 39. Qf5 {[%clk 0:55:26]} Kh6
{[%clk 0:06:10]} 40. Re1 {[%clk 0:53:47]} Rg2+ {[%clk 0:02:33]} 41. Kh1 {[%clk
0:52:48]} R7g6 {[%clk 0:21:39]} 42. Rf1 {[%clk 1:21:49]} f6 {[%clk 0:20:46]}
43. Qb1 {[%clk 1:22:06]} Rg7 {[%clk 0:19:35]} 44. h4 {[%clk 1:22:15]} b5 {[%clk
0:19:21]} 45. axb5 {[%clk 1:22:36]} axb5 {[%clk 0:19:42]} 46. Qf5 {[%clk
1:22:57]} R7g6 {[%clk 0:19:44]} 47. Qh3 {[%clk 1:23:05]} Kg7 {[%clk 0:17:22]}
48. Qxg2 {[%clk 1:23:25]} Rxg2 {[%clk 0:17:43]} 49. Kxg2 {[%clk 1:23:53]} Kg6
{[%clk 0:17:41]} 50. Re1 {[%clk 1:24:16]} Kf7 {[%clk 0:18:02]} 51. f4 {[%clk
1:24:36]} Kg6 {[%clk 0:17:01]} 52. Re6 {[%clk 1:24:58]} Kf5 {[%clk 0:17:24]}
53. Rxc6 {[%clk 1:25:16]} Kxf4 {[%clk 0:16:56]} 54. Rxf6+ {[%clk 1:25:37]} Kg4
{[%clk 0:17:22]} 55. f3+ {[%clk 1:25:13]} Kxh4 {[%clk 0:17:33]} 56. Rd6 {[%clk
1:26:05]} Kg5 {[%clk 0:17:55]} 57. Rxd5+ {[%clk 1:26:25]} Kh4 {[%clk 0:18:19]}
58. Rd8 {[%clk 1:26:31]} Kg5 {[%clk 0:18:41]} 59. Rh8 {[%clk 1:26:54]} Kf6
{[%clk 0:19:01]} 60. Rxh5 {[%clk 1:27:10]} Ke7 {[%clk 0:18:55]} 61. d5 {[%clk
1:26:55]} Kd6 {[%clk 0:19:16]} 62. Kg3 {[%clk 1:27:12]} Ke7 {[%clk 0:19:33]}
63. Rh6 {[%clk 1:27:36]} Kd7 {[%clk 0:19:54]} 64. Kf4 {[%clk 1:27:56]} Ke7
{[%clk 0:20:14]} 65. Ke5 {[%clk 1:28:14]} Kd7 {[%clk 0:20:37]} 66. Rh7+ {[%clk
1:28:40]} Ke8 {[%clk 0:20:53]} 67. Ke6 {[%clk 1:28:40]} Kd8 {[%clk 0:21:20]}
68. d6 {[%clk 1:28:56]} Kc8 {[%clk 0:21:43]} 69. f4 {[%clk 1:29:14]} Kb8 {[%clk
0:21:59]} 70. Kd5 {[%clk 1:29:28]} Kc8 {[%clk 0:22:14]} 71. Kc6 {[%clk
1:29:38]} Kb8 {[%clk 0:22:38]} 72. f5 {[%clk 1:29:57]} Ka8 {[%clk 0:23:00]} 73.
Kb6 {[%clk 1:30:24]} Kb8 {[%clk 0:23:23]} 74. Rh8# {[%clk 1:30:46]} 1-0

[Event "Deutsche Ländermeisterschaft 2014"]
[Site "Hannover GER"]
[Date "2014.10.03"]
[Round "1"]
[White "Möhn, Hans"]
[Black "Wenninger, Philipp"]
[Result "1/2-1/2"]
[Termination "normal"]
[Board "3.1"]
[WhiteElo "2270"]
[BlackElo "2259"]
[WhiteClock "00:08:02"]
[BlackClock "00:05:26"]
[WhiteTeam "Sachsen"]
[BlackTeam "Bayern"]
[PlyCount "54"]
[WhiteFideId "24647837"]
[BlackFideId "4648404"]
[EventCountry "GER"]
[EventRounds "7"]
[EventType "team-swiss"]
[EventDate "2014.10.02"]

1. Nf3 {[%clk 1:30:53]} d5 {[%clk 1:30:48]} 2. c4 {[%clk 1:30:57]} c6 {[%clk
1:31:15]} 3. e3 {[%clk 1:31:13]} Nf6 {[%clk 1:31:30]} 4. Nc3 {[%clk 1:30:31]}
a6 {[%clk 1:31:02]} 5. b3 {[%clk 1:30:00]} Bg4 {[%clk 1:30:18]} 6. h3 {[%clk
1:28:45]} Bh5 {[%clk 1:28:43]} 7. Bb2 {[%clk 1:25:41]} e6 {[%clk 1:26:05]} 8.
g4 {[%clk 1:22:06]} Bg6 {[%clk 1:26:05]} 9. Ne5 {[%clk 1:18:25]} Nbd7 {[%clk
1:24:14]} 10. Nxg6 {[%clk 1:17:31]} hxg6 {[%clk 1:24:41]} 11. Bg2 {[%clk
1:11:15]} dxc4 {[%clk 1:14:19]} 12. bxc4 {[%clk 1:10:45]} Ne5 {[%clk 1:14:16]}
13. Qb3 {[%clk 1:10:28]} Nd3+ {[%clk 1:03:34]} 14. Ke2 {[%clk 1:08:42]} Be7
{[%clk 0:52:45]} 15. Ne4 {[%clk 0:51:31]} Nxe4 {[%clk 0:47:15]} 16. Bxe4 {[%clk
0:51:30]} Nc5 {[%clk 0:36:52]} 17. Qc2 {[%clk 0:50:09]} Bf6 {[%clk 0:35:01]}
18. Rab1 {[%clk 0:43:03]} Bxb2 {[%clk 0:32:02]} 19. Rxb2 {[%clk 0:42:41]} e5
{[%clk 0:25:42]} 20. Rxb7 {[%clk 0:37:54]} O-O {[%clk 0:21:47]} 21. Rb2 {[%clk
0:31:52]} Qd7 {[%clk 0:14:01]} 22. g5 {[%clk 0:29:44]} Rad8 {[%clk 0:10:56]}
23. f3 {[%clk 0:25:51]} Rfe8 {[%clk 0:07:13]} 24. Rh2 {[%clk 0:11:54]} Re6
{[%clk 0:07:24]} 25. Ke1 {[%clk 0:10:54]} Rd6 {[%clk 0:07:21]} 26. Qb1 {[%clk
0:08:21]} Qe6 {[%clk 0:06:19]} 27. Qc2 {[%clk 0:08:02]} Qd7 {[%clk 0:05:26]}
1/2-1/2

[Event "Deutsche Ländermeisterschaft 2014"]
[Site "Hannover GER"]
[Date "2014.10.03"]
[Round "1"]
[White "Ott, Florian"]
[Black "Richter, Leonard"]
[Result "1-0"]
[Termination "normal"]
[Board "3.2"]
[WhiteElo "2179"]
[BlackElo "2130"]
[WhiteClock "00:37:25"]
[BlackClock "00:00:32"]
[WhiteTeam "Bayern"]
[BlackTeam "Sachsen"]
[PlyCount "77"]
[WhiteFideId "12900281"]
[BlackFideId "12900290"]
[EventCountry "GER"]
[EventRounds "7"]
[EventType "team-swiss"]
[EventDate "2014.10.02"]

1. d4 {[%clk 1:30:56]} Nf6 {[%clk 1:30:55]} 2. c4 {[%clk 1:31:19]} g6 {[%clk
1:31:19]} 3. Nc3 {[%clk 1:31:46]} Bg7 {[%clk 1:31:43]} 4. e4 {[%clk 1:32:12]}
d6 {[%clk 1:32:07]} 5. Nf3 {[%clk 1:32:40]} O-O {[%clk 1:32:28]} 6. Be2 {[%clk
1:33:04]} e5 {[%clk 1:32:50]} 7. O-O {[%clk 1:33:23]} Nc6 {[%clk 1:33:12]} 8.
d5 {[%clk 1:33:48]} Ne7 {[%clk 1:33:36]} 9. Ne1 {[%clk 1:34:17]} Nd7 {[%clk
1:33:49]} 10. Be3 {[%clk 1:33:57]} f5 {[%clk 1:33:51]} 11. f3 {[%clk 1:34:26]}
f4 {[%clk 1:33:22]} 12. Bf2 {[%clk 1:34:29]} g5 {[%clk 1:30:45]} 13. Rc1 {[%clk
1:34:58]} Ng6 {[%clk 1:16:17]} 14. Nb5 {[%clk 1:34:58]} Nf6 {[%clk 1:06:38]}
15. c5 {[%clk 1:34:46]} Rf7 {[%clk 1:03:26]} 16. cxd6 {[%clk 1:34:36]} cxd6
{[%clk 1:03:47]} 17. Qc2 {[%clk 1:35:00]} Ne8 {[%clk 0:57:18]} 18. Nxa7 {[%clk
1:33:46]} Bd7 {[%clk 0:51:07]} 19. Qb3 {[%clk 1:33:55]} Qb8 {[%clk 0:39:03]}
20. Nb5 {[%clk 1:26:51]} g4 {[%clk 0:28:59]} 21. fxg4 {[%clk 1:26:12]} Nf6
{[%clk 0:22:11]} 22. Nc7 {[%clk 1:08:05]} Bxg4 {[%clk 0:21:29]} 23. Bxg4 {[%clk
1:05:32]} Rxc7 {[%clk 0:21:53]} 24. Rxc7 {[%clk 1:03:07]} Qxc7 {[%clk 0:22:17]}
25. Bb6 {[%clk 1:02:21]} Qe7 {[%clk 0:21:48]} 26. Be6+ {[%clk 1:00:03]} Kh8
{[%clk 0:21:59]} 27. Qc4 {[%clk 0:59:53]} Nf8 {[%clk 0:16:49]} 28. Bf5 {[%clk
0:59:06]} N8d7 {[%clk 0:15:50]} 29. Bf2 {[%clk 0:58:27]} Nc5 {[%clk 0:10:04]}
30. b4 {[%clk 0:56:15]} b5 {[%clk 0:07:45]} 31. Qe2 {[%clk 0:55:23]} Na4 {[%clk
0:07:27]} 32. Qxb5 {[%clk 0:54:30]} Nc3 {[%clk 0:04:22]} 33. Qc6 {[%clk
0:47:02]} Ne2+ {[%clk 0:03:24]} 34. Kh1 {[%clk 0:46:52]} Ra3 {[%clk 0:03:08]}
35. Qc4 {[%clk 0:38:55]} Nd4 {[%clk 0:03:01]} 36. Nc2 {[%clk 0:38:39]} Nxf5
{[%clk 0:01:15]} 37. Nxa3 {[%clk 0:38:28]} Nh6 {[%clk 0:01:18]} 38. Bh4 {[%clk
0:37:33]} Nhg8 {[%clk 0:00:32]} 39. Nb5 {[%clk 0:37:25]} 1-0